[Event "Defi Nez rouge A"]
[Site "Gatineau CAN"]
[Date "2008.12.09"]
[Round "3"]
[White "Cossette, Daniel"]
[Black "Brousseau, Yvan"]
[Result "0-1"]
[WhiteElo "2116"]
[BlackElo "1964"]
[PlyCount "158"]
[GameId "2160767910286045"]
[EventDate "2008.11.25"]
[EventType "tourn"]
[EventRounds "5"]
[EventCountry "CAN"]
[SourceTitle "EXT 2022"]
[Source "ChessBase"]
[SourceDate "2021.10.06"]
[SourceVersion "1"]
[SourceVersionDate "2021.10.06"]
[SourceQuality "1"]

1. e4 c6 2. d4 d5 3. exd5 cxd5 4. c4 Nf6 5. Nc3 e6 6. Bg5 Be7 7. Nf3 Nc6 8. c5 O-O 9. Bb5 Ne4 10. Bxe7 Qxe7 11. O-O Ng5 12. Bxc6 Nxf3+ 13. Qxf3 bxc6 14. Rfe1 Rb8 15. Rab1 Rb4 16. Ne2 Ba6 17. Qe3 Rfb8 18. b3 Qf6 19. a3 R4b7 20. b4 Bc4 21. Nc3 Qf5 22. Rbc1 h6 23. Qe5 Qxe5 24. Rxe5 a5 25. bxa5 Rb3 26. Re3 Ra8 27. Rb1 Rxa5 28. Rxb3 Bxb3 29. Nb1 Bc2 30. Nd2 Kf8 31. Nf3 Ra4 32. Kf1 Bd1 33. Ne5 Ra6 34. Ke1 Ba4 35. Nd7+ Ke7 36. Nb6 Bb5 37. Kd2 Kd8 38. Kc2 Ra7 39. Kb3 Re7 40. a4 Ba6 41. Kb4 f6 42. f4 Kc7 43. a5 Bf1 44. g3 Kb7 45. Na4 Ka6 46. Ra3 e5 47. fxe5 fxe5 48. Rf3 Bb5 49. dxe5 Rxe5 50. Nc3 Bc4 51. Rf7 Rg5 52. Rc7 Rg6 53. Rd7 Bd3 54. Nd1 Rg4+ 55. Kc3 Bb5 56. Ne3 Re4 57. Nf5 Rc4+ 58. Kb3 Rxc5 59. Rxg7 h5 60. Nd6 Be2 61. Kb4 Rc1 62. Rc7 Bg4 63. Nf7 Rc4+ 64. Kb3 Bd1+ 65. Kb2 Kxa5 66. Ne5 Rc2+ 67. Kb1 Kb6 68. Rh7 Rxh2 69. Rh6 Ba4 70. g4 Re2 71. Rxh5 d4 72. Nc4+ Kc7 73. Rh7+ Kd8 74. Rh6 Ke7 75. g5 Rg2 76. Rd6 d3 77. g6 Bb5 78. Rd4 Rxg6 79. Ne5 Rd6 0-1

[Event "Defi Nez rouge A"]
[Site "Gatineau CAN"]
[Date "2008.12.16"]
[Round "4"]
[White "Brousseau, Yvan"]
[Black "Arsenault, Michel"]
[Result "1-0"]
[WhiteElo "1964"]
[BlackElo "1988"]
[PlyCount "107"]
[GameId "2160767910286046"]
[EventDate "2008.11.25"]
[EventType "tourn"]
[EventRounds "5"]
[EventCountry "CAN"]
[SourceTitle "EXT 2022"]
[Source "ChessBase"]
[SourceDate "2021.10.06"]
[SourceVersion "1"]
[SourceVersionDate "2021.10.06"]
[SourceQuality "1"]

1. f4 c5 2. Nf3 g6 3. e4 Bg7 4. Nc3 Nc6 5. d3 d6 6. Be2 e6 7. O-O Nge7 8. Be3 O-O 9. Rb1 Nd4 10. Qd2 f5 11. Nd1 Rb8 12. c3 Nxe2+ 13. Qxe2 b6 14. Nf2 e5 15. fxe5 f4 16. Bd2 dxe5 17. Rfd1 Nc6 18. a3 Be6 19. b4 Qe7 20. b5 Nd8 21. c4 Nf7 22. Bc3 Rbd8 23. a4 Rd6 24. a5 Rfd8 25. axb6 axb6 26. Ra1 Bf6 27. Qb2 Bc8 28. Ra8 g5 29. h3 h5 30. Nh2 Kg7 31. Qe2 Rh8 32. Rda1 Kg6 33. R1a7 Qd8 34. Qf3 Rd7 35. g4 h4 36. Qe2 Re8 37. Nf3 Qe7 38. Rxd7 Qxd7 39. Qa2 Re7 40. Qa1 Qc7 41. Kf1 Bb7 42. Ra7 Qb8 43. Ra3 Nd8 44. Bb2 Bc8 45. Ra8 Qb7 46. Ra3 Nf7 47. Ra8 Be6 48. Qa6 Qc7 49. Ke2 Rd7 50. Rc8 Qb7 51. Rc6 Nd8 52. Rxb6 Qc7 53. Rxe6 Nxe6 54. Qxe6 1-0

[Event "Defi Nez rouge A"]
[Site "Gatineau CAN"]
[Date "2008.12.16"]
[Round "4"]
[White "Danilov, Alex"]
[Black "Szalay, Karoly"]
[Result "0-1"]
[WhiteElo "1906"]
[BlackElo "2202"]
[PlyCount "34"]
[GameId "2160767910286047"]
[EventDate "2008.11.25"]
[EventType "tourn"]
[EventRounds "5"]
[EventCountry "CAN"]
[SourceTitle "EXT 2022"]
[Source "ChessBase"]
[SourceDate "2021.10.06"]
[SourceVersion "1"]
[SourceVersionDate "2021.10.06"]
[SourceQuality "1"]

1. c4 c5 2. g3 Nc6 3. Bg2 g6 4. Nc3 Bg7 5. e3 e5 6. Nge2 Nge7 7. O-O d6 8. d3 O-O 9. b3 Be6 10. e4 Qd7 11. Be3 Bh3 12. Qd2 Bxg2 13. Kxg2 f5 14. Rad1 f4 15. gxf4 Qg4+ 16. Kh1 Qf3+ 17. Kg1 exf4 0-1

[Event "Defi Nez rouge A"]
[Site "Gatineau CAN"]
[Date "2008.12.16"]
[Round "4"]
[White "Laurin, Jacques"]
[Black "Cossette, Daniel"]
[Result "0-1"]
[WhiteElo "1882"]
[BlackElo "2064"]
[PlyCount "66"]
[GameId "2160767910286048"]
[EventDate "2008.11.25"]
[EventType "tourn"]
[EventRounds "5"]
[EventCountry "CAN"]
[SourceTitle "EXT 2022"]
[Source "ChessBase"]
[SourceDate "2021.10.06"]
[SourceVersion "1"]
[SourceVersionDate "2021.10.06"]
[SourceQuality "1"]

1. c4 e6 2. Nc3 d5 3. cxd5 exd5 4. g3 d4 5. Nb5 c6 6. Na3 Bxa3 7. bxa3 Qd5 8. Nf3 Bg4 9. Bg2 d3 10. Bb2 Nf6 11. O-O O-O 12. Bxf6 Qe6 13. Qa4 dxe2 14. Rfe1 Bxf3 15. Bxf3 Qxf6 16. Bxe2 Nd7 17. Qb4 b6 18. Bf1 Rae8 19. d4 Rxe1 20. Rxe1 c5 21. Qa4 Qxd4 22. Qxa7 Ne5 23. Bg2 Nd3 24. Rf1 c4 25. a4 c3 26. a5 c2 27. Qxb6 Qxb6 28. axb6 c1=Q 29. Rxc1 Nxc1 30. Bd5 Ne2+ 31. Kg2 Nc3 32. Bf3 Nxa2 33. b7 Rb8 0-1

[Event "Defi Nez rouge A"]
[Site "Gatineau CAN"]
[Date "2009.01.06"]
[Round "5"]
[White "Arsenault, Michel"]
[Black "Laurin, Jacques"]
[Result "1-0"]
[WhiteElo "1988"]
[BlackElo "1882"]
[PlyCount "43"]
[GameId "2160767910286049"]
[EventDate "2008.11.25"]
[EventType "tourn"]
[EventRounds "5"]
[EventCountry "CAN"]
[SourceTitle "EXT 2022"]
[Source "ChessBase"]
[SourceDate "2021.10.06"]
[SourceVersion "1"]
[SourceVersionDate "2021.10.06"]
[SourceQuality "1"]

1. c4 f5 2. g3 Nf6 3. Bg2 e5 4. Nc3 c6 5. d4 e4 6. Nh3 Bb4 7. O-O Na6 8. f3 d5 9. cxd5 Bxc3 10. bxc3 Nxd5 11. Kh1 Qe7 12. c4 Nf6 13. Bg5 O-O 14. Nf2 e3 15. Nd3 h6 16. Bxf6 Rxf6 17. d5 cxd5 18. cxd5 Nc7 19. Qb3 Kh7 20. f4 Rb6 21. Qc4 Bd7 22. Qxc7 1-0

[Event "Defi Nez rouge A"]
[Site "Gatineau CAN"]
[Date "2009.01.06"]
[Round "5"]
[White "Cossette, Daniel"]
[Black "Danilov, Alex"]
[Result "1-0"]
[WhiteElo "2116"]
[BlackElo "1906"]
[PlyCount "83"]
[GameId "2160767910286050"]
[EventDate "2008.11.25"]
[EventType "tourn"]
[EventRounds "5"]
[EventCountry "CAN"]
[SourceTitle "EXT 2022"]
[Source "ChessBase"]
[SourceDate "2021.10.06"]
[SourceVersion "1"]
[SourceVersionDate "2021.10.06"]
[SourceQuality "1"]

1. e4 e5 2. Nf3 d6 3. d4 Nf6 4. Nc3 Nbd7 5. Bc4 Be7 6. Bg5 O-O 7. O-O c6 8. a4 Qc7 9. h3 exd4 10. Nxd4 d5 11. exd5 cxd5 12. Bxd5 Nb6 13. Bb3 Rd8 14. Be3 Qe5 15. Nce2 Nbd5 16. Bxd5 Nxd5 17. Qc1 Bd6 18. Nf3 Qe8 19. c4 Nb4 20. c5 Nd3 21. Qc2 Bc7 22. Ned4 Ne5 23. b4 Nxf3+ 24. Nxf3 Be6 25. Ng5 g6 26. Nxe6 Qxe6 27. Rad1 Re8 28. Qc3 Be5 29. Bd4 Bxd4 30. Rxd4 Qe5 31. Rfd1 Rac8 32. Qc4 a5 33. Rd7 Re6 34. R7d5 Qc7 35. b5 Rce8 36. Qc3 Re4 37. Rd7 Qb8 38. c6 bxc6 39. bxc6 Qf4 40. Rd8 h5 41. Rxe8+ Rxe8 42. c7 1-0

[Event "Defi Nez rouge A"]
[Site "Gatineau CAN"]
[Date "2009.01.06"]
[Round "5"]
[White "Szalay, Karoly"]
[Black "Brousseau, Yvan"]
[Result "1-0"]
[WhiteElo "2202"]
[BlackElo "1964"]
[PlyCount "108"]
[GameId "2160767910286051"]
[EventDate "2008.11.25"]
[EventType "tourn"]
[EventRounds "5"]
[EventCountry "CAN"]
[SourceTitle "EXT 2022"]
[Source "ChessBase"]
[SourceDate "2021.10.06"]
[SourceVersion "1"]
[SourceVersionDate "2021.10.06"]
[SourceQuality "1"]

1. e4 c6 2. d4 d5 3. Nd2 dxe4 4. Nxe4 Bf5 5. Ng3 Bg6 6. h4 h6 7. h5 Bh7 8. Nf3 Nd7 9. Bd3 Bxd3 10. Qxd3 Ngf6 11. c4 e6 12. Bd2 Bd6 13. Ne4 Nxe4 14. Qxe4 Nf6 15. Qe2 Qe7 16. O-O-O c5 17. dxc5 Bxc5 18. Bc3 O-O 19. g4 Nh7 20. Ne5 Rfd8 21. f4 Rxd1+ 22. Rxd1 Rd8 23. Nd3 Bd6 24. Kc2 Qc7 25. Ne5 Rc8 26. b3 b5 27. Kb2 bxc4 28. Qxc4 Qxc4 29. bxc4 Bxe5 30. Bxe5 f6 31. Bc3 Rxc4 32. Rd8+ Kf7 33. Rd7+ Kf8 34. Rxa7 Rxf4 35. a4 Ng5 36. a5 e5 37. a6 Ne6 38. Rb7 Ra4 39. a7 Nd8 40. Bb4+ Kg8 41. Rb8 Rxa7 42. Rxd8+ Kf7 43. Rf8+ Ke6 44. Re8+ Kf7 45. Rc8 Rd7 46. Bc3 Ke6 47. Kc2 Ra7 48. Rc4 Kd5 49. Kd3 Re7 50. Bb4 Rb7 51. Rc5+ Ke6 52. Kc4 Rb6 53. Rc7 f5 54. Rxg7 fxg4 1-0

[Event "Defi Nez rouge B"]
[Site "Gatineau CAN"]
[Date "2008.11.25"]
[Round "1"]
[White "Arsenault, Yves"]
[Black "Sunatori, Evelyne"]
[Result "1-0"]
[WhiteElo "1454"]
[BlackElo "1152"]
[PlyCount "133"]
[GameId "2160767910286052"]
[EventDate "2008.11.25"]
[EventType "swiss"]
[EventRounds "5"]
[EventCountry "CAN"]
[SourceTitle "EXT 2022"]
[Source "ChessBase"]
[SourceDate "2021.10.06"]
[SourceVersion "1"]
[SourceVersionDate "2021.10.06"]
[SourceQuality "1"]

1. e4 e5 2. Nf3 Nc6 3. Bc4 Bc5 4. d3 h6 5. O-O Nf6 6. Nc3 d6 7. Kh1 Be6 8. Bxe6 fxe6 9. Ng1 Qd7 10. f4 Bd4 11. Nce2 Bxg1 12. Kxg1 O-O-O 13. c3 Rhf8 14. Ng3 exf4 15. Bxf4 g5 16. Be3 d5 17. Qe2 d4 18. cxd4 Nxd4 19. Qd1 e5 20. Nf5 Nxf5 21. Rxf5 Qxd3 22. Qxd3 Rxd3 23. Re1 a6 24. h3 Nd7 25. Rxf8+ Nxf8 26. Kf2 Ne6 27. g3 h5 28. Ke2 Rd6 29. Rf1 Nd4+ 30. Bxd4 exd4 31. Kd3 c5 32. Rf5 c4+ 33. Kd2 b5 34. Rxg5 Re6 35. e5 h4 36. g4 Kd7 37. Rf5 Kc6 38. g5 Kd5 39. Rf4 Rxe5 40. Rg4 Re3 41. g6 b4 42. g7 c3+ 43. bxc3 bxc3+ 44. Kd1 Re8 45. g8=Q+ Rxg8 46. Rxg8 Ke4 47. Re8+ Kd3 48. Re2 Kc4 49. Rf2 Kd3 50. a4 a5 51. Re2 Kc4 52. Re4 Kd3 53. Re6 c2+ 54. Kc1 Kc3 55. Rc6+ Kb3 56. Rxc2 d3 57. Rd2 Kc4 58. Rf2 Kc3 59. Kd1 Kb3 60. Kd2 Kxa4 61. Kxd3 Kb3 62. Ke3 a4 63. Kf4 a3 64. Kg4 a2 65. Rxa2 Kxa2 66. Kxh4 Kb3 67. Kg5 1-0

[Event "Defi Nez rouge B"]
[Site "Gatineau CAN"]
[Date "2008.11.25"]
[Round "1"]
[White "Blouin, Francois"]
[Black "Berthiaume, Patrick"]
[Result "1-0"]
[WhiteElo "1617"]
[BlackElo "1250"]
[PlyCount "53"]
[GameId "2160767910286053"]
[EventDate "2008.11.25"]
[EventType "swiss"]
[EventRounds "5"]
[EventCountry "CAN"]
[SourceTitle "EXT 2022"]
[Source "ChessBase"]
[SourceDate "2021.10.06"]
[SourceVersion "1"]
[SourceVersionDate "2021.10.06"]
[SourceQuality "1"]

1. e4 e5 2. Nf3 Nf6 3. d3 Nc6 4. Nc3 Bb4 5. a3 Bxc3+ 6. bxc3 d5 7. exd5 Nxd5 8. Bb2 f6 9. g3 Be6 10. Bg2 Qd7 11. h3 O-O 12. Nd2 f5 13. Nb3 Qd6 14. a4 Nf6 15. Ba3 Qd7 16. Bxf8 Rxf8 17. Nc5 Qc8 18. Nxe6 Qxe6 19. O-O Rd8 20. Qb1 b6 21. Re1 Re8 22. Qb5 e4 23. Bf1 Nd5 24. dxe4 fxe4 25. Bc4 Nxc3 26. Bxe6+ Rxe6 27. Qc4 1-0

[Event "Defi Nez rouge B"]
[Site "Gatineau CAN"]
[Date "2008.11.25"]
[Round "1"]
[White "Carriere, Stephen"]
[Black "Beriault, Silvain"]
[Result "0-1"]
[WhiteElo "1264"]
[BlackElo "1671"]
[PlyCount "64"]
[GameId "2160767910286054"]
[EventDate "2008.11.25"]
[EventType "swiss"]
[EventRounds "5"]
[EventCountry "CAN"]
[SourceTitle "EXT 2022"]
[Source "ChessBase"]
[SourceDate "2021.10.06"]
[SourceVersion "1"]
[SourceVersionDate "2021.10.06"]
[SourceQuality "1"]

1. e4 c5 2. Nf3 e6 3. Bb5 a6 4. Ba4 b5 5. c4 bxa4 6. Qxa4 Nc6 7. O-O Qa5 8. Qc2 d6 9. Nc3 Nf6 10. Re1 Be7 11. b3 O-O 12. Bb2 Bd7 13. Re3 Nd4 14. Qd1 Bc6 15. Ng5 h6 16. e5 dxe5 17. Rxe5 Nd7 18. Re3 Bxg5 19. Rg3 Qc7 20. Ne2 Nxe2+ 21. Qxe2 Bf6 22. Rxg7+ Kxg7 23. Qg4+ Kh7 24. Bxf6 Nxf6 25. Qh4 Qe5 26. Rc1 Qe4 27. Qh3 Rg8 28. f3 Qxf3 29. Rc3 Qd1+ 30. Kf2 Qxd2+ 31. Kg1 Rxg2+ 32. Kf1 Qf2# 0-1

[Event "Defi Nez rouge B"]
[Site "Gatineau CAN"]
[Date "2008.11.25"]
[Round "1"]
[White "Guimond, Michel"]
[Black "MacIsaac, Alexandre"]
[Result "1-0"]
[WhiteElo "1869"]
[BlackElo "1427"]
[PlyCount "71"]
[GameId "2160767910286055"]
[EventDate "2008.11.25"]
[EventType "swiss"]
[EventRounds "5"]
[EventCountry "CAN"]
[SourceTitle "EXT 2022"]
[Source "ChessBase"]
[SourceDate "2021.10.06"]
[SourceVersion "1"]
[SourceVersionDate "2021.10.06"]
[SourceQuality "1"]

1. e4 c5 2. Nf3 d6 3. d4 cxd4 4. Nxd4 Nf6 5. Nc3 g6 6. Be3 Bg7 7. Bc4 O-O 8. f3 Nc6 9. Qd2 Bd7 10. O-O-O Rc8 11. Bb3 Na5 12. Bh6 Nxb3+ 13. axb3 Bxh6 14. Qxh6 Rxc3 15. bxc3 Qa5 16. Kb2 Rc8 17. Qd2 b5 18. b4 Qc7 19. Nb3 e6 20. h4 d5 21. h5 Nxh5 22. Rxh5 gxh5 23. Nc5 Bc6 24. Qg5+ Kf8 25. Qxh5 dxe4 26. Qxh7 exf3 27. Qh6+ Ke7 28. Qg5+ Ke8 29. Rh1 Qd6 30. Rh8+ Qf8 31. Rxf8+ Kxf8 32. gxf3 Bxf3 33. Qf6 Bb7 34. Nxe6+ Ke8 35. Ng7+ Kf8 36. Nf5 1-0

[Event "Defi Nez rouge B"]
[Site "Gatineau CAN"]
[Date "2008.11.25"]
[Round "1"]
[White "Huard, Martin"]
[Black "Rainey, Ivan"]
[Result "1/2-1/2"]
[WhiteElo "1152"]
[BlackElo "1496"]
[PlyCount "68"]
[GameId "2160767910286056"]
[EventDate "2008.11.25"]
[EventType "swiss"]
[EventRounds "5"]
[EventCountry "CAN"]
[SourceTitle "EXT 2022"]
[Source "ChessBase"]
[SourceDate "2021.10.06"]
[SourceVersion "1"]
[SourceVersionDate "2021.10.06"]
[SourceQuality "1"]

1. e4 c6 2. d4 d5 3. e5 Bf5 4. Bd3 Bxd3 5. Qxd3 e6 6. Nf3 Be7 7. Be3 Nd7 8. O-O Qc7 9. Nbd2 O-O-O 10. Rac1 f6 11. Rfe1 Kb8 12. Bf4 Nb6 13. exf6 Bd6 14. Bxd6 Rxd6 15. fxg7 Qxg7 16. b3 Nc8 17. Re5 h6 18. Rce1 Nge7 19. Nh4 Rg8 20. Qg3 Qh7 21. Qd3 Qg7 22. Rxe6 Rxe6 23. Rxe6 Ka8 24. g3 Qg4 25. Rxh6 Qg5 26. Rh7 Nd6 27. Qe3 Qxe3 28. fxe3 Ndf5 29. Nxf5 Nxf5 30. Kf2 Rf8 31. Ke2 Re8 32. Kf2 Rf8 33. Ke2 Re8 34. Kf2 Rf8 1/2-1/2

[Event "Defi Nez rouge B"]
[Site "Gatineau CAN"]
[Date "2008.11.25"]
[Round "1"]
[White "Jani, Louis"]
[Black "Jiang, Qizhe"]
[Result "1/2-1/2"]
[WhiteElo "1424"]
[BlackElo "974"]
[PlyCount "47"]
[GameId "2160767910286057"]
[EventDate "2008.11.25"]
[EventType "swiss"]
[EventRounds "5"]
[EventCountry "CAN"]
[SourceTitle "EXT 2022"]
[Source "ChessBase"]
[SourceDate "2021.10.06"]
[SourceVersion "1"]
[SourceVersionDate "2021.10.06"]
[SourceQuality "1"]

1. e4 e5 2. Nf3 Nc6 3. Bc4 Nf6 4. Ng5 d5 5. exd5 Na5 6. Bb5+ c6 7. dxc6 bxc6 8. Be2 h6 9. Nf3 e4 10. Ng1 Bc5 11. c3 Bb6 12. b4 Nb7 13. h3 O-O 14. b5 Re8 15. bxc6 Na5 16. Bb5 a6 17. c7 Bxf2+ 18. Kxf2 e3+ 19. Kf1 e2+ 20. Bxe2 Qxc7 21. Nf3 Ne4 22. Kg1 Ng3 23. Rh2 Nxe2+ 24. Kh1 1/2-1/2

[Event "Defi Nez rouge B"]
[Site "Gatineau CAN"]
[Date "2008.11.25"]
[Round "1"]
[White "Labelle, Raymond"]
[Black "Thibault, David"]
[Result "1-0"]
[WhiteElo "1315"]
[BlackElo "1713"]
[PlyCount "51"]
[GameId "2160767910286058"]
[EventDate "2008.11.25"]
[EventType "swiss"]
[EventRounds "5"]
[EventCountry "CAN"]
[SourceTitle "EXT 2022"]
[Source "ChessBase"]
[SourceDate "2021.10.06"]
[SourceVersion "1"]
[SourceVersionDate "2021.10.06"]
[SourceQuality "1"]

1. e4 e5 2. Nf3 Nc6 3. Bc4 h6 4. Nc3 Nf6 5. d4 exd4 6. Nxd4 Bb4 7. O-O Ne5 8. Bb3 Bxc3 9. bxc3 d6 10. f4 Ng6 11. e5 Nh7 12. exd6 Qxd6 13. f5 Ne7 14. Qg4 Qf6 15. Ba3 O-O 16. Rae1 Re8 17. Re3 Bd7 18. Bc1 b5 19. Rh3 Kh8 20. c4 c5 21. Nxb5 Rec8 22. Rg3 a6 23. Nd6 h5 24. Qf4 Rg8 25. Bb2 g5 26. Bxf6+ 1-0

[Event "Defi Nez rouge B"]
[Site "Gatineau CAN"]
[Date "2008.11.25"]
[Round "1"]
[White "Lacourse, Guy"]
[Black "Berthiaume, Serge"]
[Result "0-1"]
[WhiteElo "1572"]
[BlackElo "1231"]
[PlyCount "92"]
[GameId "2160767910286059"]
[EventDate "2008.11.25"]
[EventType "swiss"]
[EventRounds "5"]
[EventCountry "CAN"]
[SourceTitle "EXT 2022"]
[Source "ChessBase"]
[SourceDate "2021.10.06"]
[SourceVersion "1"]
[SourceVersionDate "2021.10.06"]
[SourceQuality "1"]

1. c4 e5 2. Nc3 Nc6 3. Nf3 Bc5 4. g3 d6 5. Bg2 Bf5 6. O-O Qd7 7. Nd5 Nd4 8. Ne1 c6 9. Nc3 Nf6 10. e3 Ne6 11. d3 O-O 12. Na4 d5 13. Nxc5 Nxc5 14. d4 dxc4 15. Nf3 exd4 16. Qxd4 Qxd4 17. Nxd4 Bd3 18. Re1 Rfe8 19. Bd2 Nce4 20. Rad1 Rad8 21. f3 Nxd2 22. Rxd2 Nd5 23. e4 Nb4 24. a3 Rxd4 25. axb4 Re5 26. Kf2 Rb5 27. Ke3 Rd7 28. Bf1 Rxb4 29. Bxd3 cxd3 30. Red1 f6 31. Rxd3 Rxd3+ 32. Rxd3 Rxb2 33. h4 Rb1 34. Rd8+ Kf7 35. h5 a5 36. Ra8 Rb3+ 37. Kf4 Rb5 38. g4 c5 39. Rd8 a4 40. Rd2 Ke7 41. Ra2 Rb4 42. Ke3 Rb3+ 43. Ke2 b5 44. Ra1 a3 45. Kf2 c4 46. Ke2 Rd3 0-1

[Event "Defi Nez rouge B"]
[Site "Gatineau CAN"]
[Date "2008.11.25"]
[Round "1"]
[White "Lavergne, Daniel"]
[Black "Sabourin, Yves"]
[Result "0-1"]
[WhiteElo "1656"]
[BlackElo "1299"]
[PlyCount "64"]
[GameId "2160767910286060"]
[EventDate "2008.11.25"]
[EventType "swiss"]
[EventRounds "5"]
[EventCountry "CAN"]
[SourceTitle "EXT 2022"]
[Source "ChessBase"]
[SourceDate "2021.10.06"]
[SourceVersion "1"]
[SourceVersionDate "2021.10.06"]
[SourceQuality "1"]

1. e4 e6 2. Qe2 Ne7 3. Nf3 g6 4. g3 Bg7 5. Bg2 O-O 6. O-O Nbc6 7. c3 d5 8. d4 Re8 9. e5 a5 10. a4 b6 11. Ng5 h6 12. Nh3 Ba6 13. Qc2 Bxf1 14. Bxf1 Nf5 15. Qd1 h5 16. Bb5 Nfe7 17. Bg5 Rf8 18. Bxc6 f6 19. Bxa8 fxg5 20. Bxd5 Nxd5 21. Qd2 Rf5 22. c4 Nb4 23. Nc3 Rxe5 24. f4 Rf5 25. Nxg5 Qxd4+ 26. Qxd4 Bxd4+ 27. Kg2 e5 28. Ne6 c5 29. Nb5 Bxb2 30. Rd1 Bd4 31. Nd6 Rf6 32. Nb5 Rxe6 0-1

[Event "Defi Nez rouge B"]
[Site "Gatineau CAN"]
[Date "2008.11.25"]
[Round "1"]
[White "Levesque, Andre"]
[Black "Menard, Marc"]
[Result "1-0"]
[WhiteElo "1249"]
[BlackElo "1593"]
[PlyCount "109"]
[GameId "2160767910286061"]
[EventDate "2008.11.25"]
[EventType "swiss"]
[EventRounds "5"]
[EventCountry "CAN"]
[SourceTitle "EXT 2022"]
[Source "ChessBase"]
[SourceDate "2021.10.06"]
[SourceVersion "1"]
[SourceVersionDate "2021.10.06"]
[SourceQuality "1"]

1. e4 e5 2. Nf3 Nc6 3. Bb5 a6 4. Ba4 Nf6 5. O-O Be7 6. Re1 b5 7. Bb3 O-O 8. c3 d6 9. h3 Be6 10. Bc2 Re8 11. d4 exd4 12. cxd4 Nb4 13. d5 Nxc2 14. Qxc2 Bd7 15. Nbd2 Rc8 16. Nd4 Bf8 17. N2f3 g6 18. Bg5 Bg7 19. Qd2 c5 20. dxc6 Bxc6 21. Nxc6 Rxc6 22. Rac1 Qc7 23. Bh6 Rxe4 24. Rxe4 Rxc1+ 25. Re1 Rxe1+ 26. Nxe1 Ne4 27. Qe3 Bxh6 28. Qxh6 Qc5 29. Qf4 Qe5 30. Qe3 Nc5 31. Qd2 d5 32. b4 Ne4 33. Qe2 Qc3 34. f3 Qd4+ 35. Kh2 Qd2 36. Qf1 Nc3 37. a3 Qb2 38. Nd3 Qxa3 39. Qe1 Ne4 40. Qe3 Nf6 41. g4 Qa2+ 42. Kg3 Kg7 43. Qe5 h6 44. h4 Qb1 45. Nf4 Qg1+ 46. Ng2 Qc1 47. g5 hxg5 48. hxg5 Qc8 49. Qxf6+ Kg8 50. Qe5 Qc4 51. Ne3 Qxb4 52. Nxd5 Qb3 53. Nf6+ Kf8 54. Qe8+ Kg7 55. Qg8# 1-0

[Event "Defi Nez rouge B"]
[Site "Gatineau CAN"]
[Date "2008.11.25"]
[Round "1"]
[White "Robert, Danyka"]
[Black "Pilon, Robert"]
[Result "0-1"]
[WhiteElo "1034"]
[BlackElo "1443"]
[PlyCount "48"]
[GameId "2160767910286062"]
[EventDate "2008.11.25"]
[EventType "swiss"]
[EventRounds "5"]
[EventCountry "CAN"]
[SourceTitle "EXT 2022"]
[Source "ChessBase"]
[SourceDate "2021.10.06"]
[SourceVersion "1"]
[SourceVersionDate "2021.10.06"]
[SourceQuality "1"]

1. e4 e5 2. Nc3 Nf6 3. a3 Bc5 4. Bc4 d6 5. Nf3 Bg4 6. d3 Nc6 7. Bg5 h6 8. Bd2 Nd4 9. Nxd4 Bxd1 10. O-O Bxd4 11. Raxd1 c6 12. Ne2 Bxb2 13. Rb1 Bxa3 14. Rb3 Bc5 15. Rxb7 O-O 16. Bb3 Nd7 17. Ba4 Qc8 18. Rb3 Nb6 19. Bxc6 Qxc6 20. h4 f5 21. exf5 Rxf5 22. Ng3 Rf6 23. Nh5 Rg6 24. c3 Qxg2# 0-1

[Event "Defi Nez rouge B"]
[Site "Gatineau CAN"]
[Date "2008.12.02"]
[Round "2"]
[White "Beriault, Silvain"]
[Black "Labelle, Raymond"]
[Result "1-0"]
[WhiteElo "1671"]
[BlackElo "1315"]
[PlyCount "79"]
[GameId "2160767910286063"]
[EventDate "2008.11.25"]
[EventType "swiss"]
[EventRounds "5"]
[EventCountry "CAN"]
[SourceTitle "EXT 2022"]
[Source "ChessBase"]
[SourceDate "2021.10.06"]
[SourceVersion "1"]
[SourceVersionDate "2021.10.06"]
[SourceQuality "1"]

1. d4 Nf6 2. c4 e6 3. Nf3 d5 4. Nc3 Be7 5. Bg5 Nbd7 6. e3 c5 7. dxc5 Nxc5 8. cxd5 exd5 9. Rc1 Nce4 10. Nxe4 dxe4 11. Qxd8+ Bxd8 12. Nd2 O-O 13. Bc4 Bf5 14. O-O Ng4 15. Bxd8 Rfxd8 16. Nb3 Rac8 17. Nd4 Bg6 18. Rc3 a6 19. Rfc1 Kf8 20. Bb3 Rxc3 21. Rxc3 Ne5 22. Bc2 Nc6 23. Nxc6 bxc6 24. Rxc6 Rd2 25. Kf1 f5 26. Ke1 Be8 27. Rc8 Rd6 28. Ba4 Re6 29. Ra8 g5 30. Bxe8 Rxe8 31. Rxa6 Ke7 32. Rc6 Rd8 33. a4 Rb8 34. Rc2 Rb4 35. a5 h5 36. Kd1 Kd6 37. Kc1 Kd5 38. Rc3 Rc4 39. Rxc4 Kxc4 40. a6 1-0

[Event "Defi Nez rouge B"]
[Site "Gatineau CAN"]
[Date "2008.12.02"]
[Round "2"]
[White "Berthiaume, Patrick"]
[Black "Lacourse, Guy"]
[Result "0-1"]
[WhiteElo "1250"]
[BlackElo "1572"]
[PlyCount "74"]
[GameId "2160767910286064"]
[EventDate "2008.11.25"]
[EventType "swiss"]
[EventRounds "5"]
[EventCountry "CAN"]
[SourceTitle "EXT 2022"]
[Source "ChessBase"]
[SourceDate "2021.10.06"]
[SourceVersion "1"]
[SourceVersionDate "2021.10.06"]
[SourceQuality "1"]

1. e4 c5 2. Nf3 d6 3. d4 cxd4 4. Nxd4 Nf6 5. Nc3 a6 6. Be3 e5 7. Nb3 Be6 8. Be2 Nbd7 9. O-O Be7 10. f4 Qc7 11. f5 Bc4 12. Bxc4 Qxc4 13. Qd3 Rc8 14. Rfe1 O-O 15. Rad1 Qxd3 16. Rxd3 b5 17. a3 Rfe8 18. h3 h6 19. g4 Kh7 20. Re2 Rg8 21. Rg2 g6 22. g5 hxg5 23. Bxg5 gxf5 24. exf5 Rcd8 25. Nd5 Nxd5 26. Bxe7 Nxe7 27. Rxd6 Nxf5 28. Rxa6 Rxg2+ 29. Kxg2 Ne3+ 30. Kf3 Nxc2 31. Ra5 b4 32. axb4 Nxb4 33. Rb5 Nc6 34. Nc5 Nd4+ 35. Ke4 Nxb5 36. Nxd7 Rxd7 37. Kxe5 Kg6 0-1

[Event "Defi Nez rouge B"]
[Site "Gatineau CAN"]
[Date "2008.12.02"]
[Round "2"]
[White "Berthiaume, Serge"]
[Black "Gagnon, Fabien"]
[Result "0-1"]
[WhiteElo "1231"]
[BlackElo "1920"]
[PlyCount "84"]
[GameId "2160767910286065"]
[EventDate "2008.11.25"]
[EventType "swiss"]
[EventRounds "5"]
[EventCountry "CAN"]
[SourceTitle "EXT 2022"]
[Source "ChessBase"]
[SourceDate "2021.10.06"]
[SourceVersion "1"]
[SourceVersionDate "2021.10.06"]
[SourceQuality "1"]

1. d4 f5 2. Nf3 Nf6 3. Bf4 g6 4. e3 Bg7 5. Bc4 e6 6. O-O d6 7. Nc3 Qe7 8. Qd3 O-O 9. e4 Kh8 10. exf5 gxf5 11. Rae1 c6 12. Qxf5 Nd5 13. Nxd5 cxd5 14. Qh5 Rxf4 15. Bd3 h6 16. c3 Qf7 17. Qxf7 Rxf7 18. Nh4 Nc6 19. Ng6+ Kg8 20. f4 Bd7 21. Rf3 Re8 22. Rg3 Ne7 23. Nxe7+ Rexe7 24. Rf1 e5 25. fxe5 Rxf1+ 26. Kxf1 dxe5 27. dxe5 Rxe5 28. Kf2 Bf5 29. Bxf5 Rxf5+ 30. Ke3 Rg5 31. Rf3 Rxg2 32. Rf5 Rxh2 33. Rxd5 Rxb2 34. Kd3 Rxa2 35. Rd8+ Kh7 36. Rd7 b6 37. Kc4 Kg6 38. Kb3 Ra5 39. Rd6+ Kg5 40. c4 Bf8 41. Rd5+ Rxd5 42. cxd5 b5 0-1